MARC details
| 000 -CABECERA |
| campo de control de longitud fija |
01934nam a2200373 a 4500 |
| 003 - IDENTIFICADOR DEL NÚMERO DE CONTROL |
| campo de control |
DO-SdBNP |
| 005 - FECHA Y HORA DE LA ÚLTIMA TRANSACCIÓN |
| campo de control |
20230906133918.0 |
| 007 - CAMPO FIJO DE DESCRIPCIÓN FÍSICA--INFORMACIÓN GENERAL |
| campo de control de longitud fija |
ta |
| 008 - DATOS DE LONGITUD FIJA--INFORMACIÓN GENERAL |
| campo de control de longitud fija |
091113s1994 dr a c 000 0 spa d |
| 040 ## - FUENTE DE LA CATALOGACIÓN |
| Centro catalogador/agencia de origen |
DO-SdBNP |
| Lengua de catalogación |
spa |
| Centro/agencia transcriptor |
BNPHU |
| Normas de descripción |
rda |
| 082 ## - NÚMERO DE LA CLASIFICACIÓN DECIMAL DEWEY |
| Número de clasificación |
xxxx |
| Número de documento/Ítem |
xxxx |
| Número de edición |
22 |
| 100 ## - ENTRADA PRINCIPAL--NOMBRE DE PERSONA |
| Nombre de persona |
González, Sarah |
| 9 (RLIN) |
29274 |
| 245 10 - MENCIÓN DE TÍTULO |
| Título |
Matemática y ciencias naturales : |
| Resto del título |
libro del alumno, 8vo. grado / |
| Mención de responsabilidad, etc. |
Sarah González, Dulce Rodríguez y Eduardo Luna, Miledys Alberto, Andrés Molina y otros |
| 264 #1 - PRODUCCIÓN, PUBLICACIÓN, DISTRIBUCIÓN, FABRICACIÓN Y COPYRIGHT |
| Producción, publicación, distribución, fabricación y copyright |
Santo Domingo : |
| Nombre del de productor, editor, distribuidor, fabricante |
Secretaria de Estado de Educación Bellas Artes y Cultos, |
| -- |
PUCMM, |
| -- |
EDUCA, |
| -- |
PIPE, |
| Fecha de producción, publicación, distribución, fabricación o copyright |
1994. |
| 300 ## - DESCRIPCIÓN FÍSICA |
| Extensión |
107 libros |
| Otras características físicas |
ilustraciones |
| Dimensiones |
27 cm. |
| 336 ## - TIPO DE CONTENIDO |
| Fuente |
rdacontent |
| Término de tipo de contenido |
texto |
| Código de tipo de contenido |
txt |
| 337 ## - TIPO DE MEDIO |
| Fuente |
rdamedia |
| Nombre/término del tipo de medio |
sin mediación |
| Código del tipo de medio |
n |
| 338 ## - TIPO DE SOPORTE |
| Fuente |
rdacarrier |
| Nombre/término del tipo de soporte |
volumen |
| Código del tipo de soporte |
nc |
| 500 ## - NOTA GENERAL |
| Nota general |
8vo. grado |
| 505 0# - NOTA DE CONTENIDO CON FORMATO |
| Información miscelánea |
Matemática -- |
| Título |
Números enteros -- |
| -- |
Números racionales -- |
| -- |
Ecuaciones -- |
| -- |
Estadística |
| -- |
Probabilidades -- |
| -- |
Geometría -- |
| -- |
Mediciones -- |
| 505 0# - NOTA DE CONTENIDO CON FORMATO |
| Información miscelánea |
Ciencias naturales |
| -- |
Unidad 1 |
| Título |
Elementos que se encuentran en la naturaleza -- |
| Información miscelánea |
Unidad 2 |
| Título |
Composición química de los seres vivos -- |
| Información miscelánea |
Unidad 3 |
| Título |
Las maquinas físicas -- |
| Información miscelánea |
Unidad 4 |
| Título |
Fundamentos de mecánica -- |
| Información miscelánea |
Unidad 5 |
| Título |
La energía, formas y transformaciones -- |
| Información miscelánea |
Unidad 6 |
| Título |
Aplicaciones de la fisica moderna -- |
| Información miscelánea |
Unidad 7 |
| Título |
Nutrición -- |
| Información miscelánea |
Unidad 8 |
| Título |
Reproducción humana -- |
| Información miscelánea |
Unidad 9 |
| Título |
Funciones de relación / |
| 590 ## - NOTA LOCAL (RLIN) |
| Nota local |
Inventariado, 2023/ YL |
| 700 12 - PUNTO DE ACCESO ADICIONAL--NOMBRE DE PERSONA |
| Nombre de persona |
Rodríguez Dulce. |
| 9 (RLIN) |
29275 |
| Término indicativo de función/relación |
autora |
| 700 #2 - PUNTO DE ACCESO ADICIONAL--NOMBRE DE PERSONA |
| Nombre de persona |
Luna, Eduardo |
| 9 (RLIN) |
25917 |
| Término indicativo de función/relación |
autor |
| 700 12 - PUNTO DE ACCESO ADICIONAL--NOMBRE DE PERSONA |
| Nombre de persona |
Alberto, Miledys |
| Término indicativo de función/relación |
autora |
| 9 (RLIN) |
84066 |
| 700 12 - PUNTO DE ACCESO ADICIONAL--NOMBRE DE PERSONA |
| Nombre de persona |
Molina, Andrés |
| Término indicativo de función/relación |
autor |
| 9 (RLIN) |
340 |
| 700 12 - PUNTO DE ACCESO ADICIONAL--NOMBRE DE PERSONA |
| Nombre de persona |
Lirio, Berlina |
| Término indicativo de función/relación |
autora |
| 9 (RLIN) |
84067 |
| 700 12 - PUNTO DE ACCESO ADICIONAL--NOMBRE DE PERSONA |
| Nombre de persona |
Valdez, Manuel |
| Término indicativo de función/relación |
autor |
| 9 (RLIN) |
46323 |
| 700 12 - PUNTO DE ACCESO ADICIONAL--NOMBRE DE PERSONA |
| Nombre de persona |
González, Maria del Mar |
| Término indicativo de función/relación |
autora |
| 9 (RLIN) |
84068 |
| 710 ## - PUNTO DE ACCESO ADICIONAL--NOMBRE DE ENTIDAD CORPORATIVA |
| Nombre de entidad corporativa o nombre de jurisdicción como elemento de entrada |
Pontificia Universidad Católica Madre y Maestra (PUCMM) |
| 9 (RLIN) |
83945 |
| 710 ## - PUNTO DE ACCESO ADICIONAL--NOMBRE DE ENTIDAD CORPORATIVA |
| Nombre de entidad corporativa o nombre de jurisdicción como elemento de entrada |
Acción Empresarial por la Educación (EDUCA) |
| 9 (RLIN) |
84069 |
| 910 ## - DATOS DE OPCIÓN DEL USUARIO (OCLC) |
| Datos de opción del usuario |
YLockward |
| 942 ## - ELEMENTOS DE PUNTO DE ACCESO ADICIONAL (KOHA) |
| Fuente del sistema de clasificación o colocación |
Dewey Decimal Classification |
| Tipo de ítem Koha |
Libro |